书目信息 |
| 题名: |
三峡工程对长江中下游湿地生态系统的影响评估
|
|
| 作者: | 谢平 主编 | |
| 分册: | ||
| 出版信息: | 武汉 长江出版社 2018.12 |
|
| 页数: | 214页 | |
| 开本: | 26cm | |
| 丛书名: | ||
| 单 册: | ||
| 中图分类: | P942.507.8 | |
| 科图分类: | ||
| 主题词: | ||
| 电子资源: | ||
| ISBN: | 978-7-5492-6221-2 | |
| 000 | 01295nam0 2200289 450 | |
| 001 | CAL 009530950 | |
| 005 | 20190607161424.7 | |
| 010 | @a978-7-5492-6221-2@dCNY86.00 | |
| 100 | @a20190606d2018 em y0chiy50 ea | |
| 101 | 0 | @achi |
| 102 | @aCN@b420000 | |
| 105 | @aak a 000yy | |
| 106 | @ar | |
| 200 | 1 | @a三峡工程对长江中下游湿地生态系统的影响评估@Asan xia gong cheng dui chang jiang zhong xia you shi di sheng tai xi tong de ying xiang ping gu@f主编谢平@Fzhu bian xie ping |
| 210 | @a武汉@c长江出版社@d2018.12 | |
| 215 | @a214页@c彩图@d26cm | |
| 300 | @a中国科学院野外站联盟项目 (编号: KFJ-SW-YW026) 资助 | |
| 312 | @a英文题名取自封面 | |
| 320 | @a有书目 (第202-214页) | |
| 330 | @a本书共分九章, 内容包括: 三峡工程对中下游水文过程及河道冲刷的影响、三峡工程对长江中下游湿地格局的影响、两湖水质演变趋势与水文改变的生态凤险、三峡工程对长江中下游通江湖泊湿地水生植被的影响等。 | |
| 510 | 1 | @aEvaluation on the impacts of the Three-gorges Dam on the wetland ecosystems in the middle and lower reaches of the Yangtze River@zeng |
| 586 | @a | |
| 607 | @a长江中下游@Achang jiang zhong xia you@x三峡水利工程@x影响@x沼泽化地@x生态系@x研究 | |
| 690 | @aP942.507.8@v5 | |
| 701 | 0 | @a谢平@Axie ping@4主编 |
| 801 | 0 | @aCN@c20190606 |
| 905 | @a河南城建学院图书馆@dP942.507.8@eX452@f2 | |
| 三峡工程对长江中下游湿地生态系统的影响评估/主编谢平.-武汉:长江出版社,2018.12 |
| 214页:彩图;26cm |
| 中国科学院野外站联盟项目 (编号: KFJ-SW-YW026) 资助 |
| ISBN 978-7-5492-6221-2:CNY86.00 |
| 本书共分九章, 内容包括: 三峡工程对中下游水文过程及河道冲刷的影响、三峡工程对长江中下游湿地格局的影响、两湖水质演变趋势与水文改变的生态凤险、三峡工程对长江中下游通江湖泊湿地水生植被的影响等。 |
| ● |
| 相关链接 |
|
|
|
正题名:三峡工程对长江中下游湿地生态系统的影响评
索取号:P942.507.8/X452
 
预约/预借
| 序号 | 登录号 | 条形码 | 馆藏地/架位号 | 状态 | 备注 |
| 1 | 1407435 | 214074357 | 自科库401/401自科库 136排1列4层/ [索取号:P942.507.8/X452] | 在馆 | |
| 2 | 1407436 | 214074366 | 自科库401/401自科库 136排1列4层/ [索取号:P942.507.8/X452] | 在馆 |